000 00322 a2200157 4500
001 57796
020 _a9788508129669
040 _cAnchieta - Pituba
100 _aDante, Luiz Roberto
240 1 0 _aMatemática
_lpor
245 1 0 _aMatemática
300 _a496
362 0 _a2011
650 4 _aMatemática
942 _cBK
999 _c57796
_d57796